|
|
|
|
| LEADER |
00000nam0a2200000 4500 |
| 001 |
175767 |
| 005 |
20231101223236.0 |
| 010 |
|
|
|a 9785903034840
|
| 035 |
|
|
|a (RuTPU)RU\TPU\book\190565
|
| 090 |
|
|
|a 175767
|
| 100 |
|
|
|a 20100217d2009 km y0rusy50 ca
|
| 101 |
0 |
|
|a rus
|
| 102 |
|
|
|a RU
|
| 105 |
|
|
|a a g 001zy
|
| 200 |
1 |
|
|a Наладка средств автоматизации и автоматических систем регулирования
|e справочное пособие
|f А. С. Клюев [и др.]
|g под ред. А. С. Клюев
|
| 205 |
|
|
|a 3-е изд., стер.
|
| 210 |
|
|
|a Москва
|c Альянс
|d 2009
|
| 215 |
|
|
|a 368 с.
|c ил.
|
| 320 |
|
|
|a Библиогр.: с. 365.
|
| 330 |
|
|
|a Изложены основы прикладной теории автоматического управления, инженерные методы наладки систем. Во втором издании книги (первое вышло в 1977 г.) учтены изменения в части терминологии и номенклатуры выпускаемых средств автоматизации и новых методов расчета параметров настройки регуляторов.
|
| 451 |
|
1 |
|0 (RuTPU)RU\TPU\book\35468
|y 5283014819
|t Наладка средств автоматизации и автоматических систем регулирования
|o справочник
|f Под ред. А. С. Клюева
|e 2-е изд., перераб. и доп.
|c М.
|n Энергоатомиздат
|d 1989
|
| 606 |
1 |
|
|a Регуляторы автоматические
|x Автоматика
|2 stltpush
|3 (RuTPU)RU\TPU\subj\24171
|9 48591
|
| 610 |
1 |
|
|a автоматические системы регулирования
|
| 610 |
1 |
|
|a наладка
|
| 610 |
1 |
|
|a инженерные методы
|
| 610 |
1 |
|
|a математические основы
|
| 610 |
1 |
|
|a автоматическое регулирование
|
| 610 |
1 |
|
|a электрические средства
|
| 610 |
1 |
|
|a пневматические средства
|
| 610 |
1 |
|
|a исполнительные устройства
|
| 610 |
1 |
|
|a параметрическая оптимизация
|
| 610 |
1 |
|
|a справочники
|
| 675 |
|
|
|a 681.515(035)
|v 3
|
| 701 |
|
1 |
|a Клюев
|b А. С.
|g Анатолий Степанович
|
| 701 |
|
1 |
|a Лебедев
|b А. Т.
|
| 701 |
|
1 |
|a Клюев
|b С. А.
|
| 701 |
|
1 |
|a Товарнов
|b А. Г.
|
| 702 |
|
1 |
|a Клюев
|b А. С.
|g Анатолий Степанович
|4 340
|
| 801 |
|
1 |
|a RU
|b 63413507
|c 20100217
|
| 801 |
|
2 |
|a RU
|b 63413507
|c 20150930
|g RCR
|
| 900 |
|
|
|a Локальные системы автоматизации и управления
|
| 900 |
|
|
|a Технические средства систем автоматизации и управления
|
| 942 |
|
|
|c BK
|